000 00527nam a2200169 i 4500
001 44504
003 ES-MaACL
005 20230906161038.0
007 t|
008 030321s1931 sp ||||1| spa d
100 1 _aCeballos Teresi, José G.
_937282
245 1 3 _aLa embestida socialista
_b: no baja el enano /
_cpor José G. Ceballos Teresi.
260 _aMadrid :
_bs.n.,
_c1931 (
_fTall. Tip. "El Financiero")
300 _a14 p. ;
_c17 cm.
650 4 _aSocialismo-
_zEspaña-
_yS.XX.
_917157
852 _aES-MaACL
_j1785-F-13
999 _c44504
_d44504